| 000 | 00689nam a22002297a 4500 | ||
|---|---|---|---|
| 999 |
_c730 _d730 |
||
| 001 | 730 | ||
| 003 | BD-JhCC | ||
| 005 | 20190709134016.0 | ||
| 008 | 171009s2006 bg |||| |||| 000 0 ben d | ||
| 020 | _a9844585384 | ||
| 035 | _a(BD-JhCC)730 | ||
| 040 |
_aBD-JhCC _dBD-JhCC |
||
| 041 | _aben | ||
| 082 |
_a891.443 _bASL 2006 |
||
| 100 | _aআসলাম, সুমন্ত | ||
| 245 |
_aঅগ্নিমানুষ / _cসুমন্ত আসলাম |
||
| 260 |
_aঢাকা : _bসময় প্রকাশনী, _c২০০৬. |
||
| 300 |
_a১০৩ পৃ. : _c২২ সেমি. |
||
| 650 | _aBengali Novel | ||
| 942 |
_2ddc _cBK _02 |
||